|
|
|
|
| LEADER |
00000nam0a2200000 4500 |
| 001 |
349960 |
| 005 |
20231102010244.0 |
| 035 |
|
|
|a (RuTPU)RU\TPU\retro\3341
|
| 090 |
|
|
|a 349960
|
| 100 |
|
|
|a 20181017d1917 km y0rusy50 ca
|
| 101 |
0 |
|
|a rus
|
| 102 |
|
|
|a RU
|
| 105 |
|
|
|a a z 001zy
|
| 200 |
1 |
|
|a Ольгинское золоторудное месторождение в Кузнецком Алатау
|e [оттиск статьи]
|f В. А. Обручев
|
| 210 |
|
|
|a Москва
|d 1917
|
| 215 |
|
|
|a 4 с.
|
| 225 |
1 |
|
|a Рудный вестник
|v № 3-4
|
| 316 |
|
|
|5 63413507: ШкА/630
|a На с. 1 штамп-оттиск "От автора"
|
| 316 |
|
|
|5 63413507: КР-7169
|a На титульном листе надпись: "Библ. геол. каб.
|
| 317 |
|
|
|5 63413507: КР-7169
|a Поступил в НТБ в 2004 г. в составе книжного собрания кафедры общей геологии
|
| 320 |
|
|
|a Библиогр. в тексте
|
| 517 |
1 |
|
|a Ольгинское золоторудное мъсторожденie въ Кузнецкомъ Алатау
|z chu
|
| 606 |
1 |
|
|a Золото
|x Месторождения
|x Поиски и разведка
|2 stltpush
|3 (RuTPU)RU\TPU\subj\11859
|9 38745
|
| 610 |
1 |
|
|a золоторудные месторождения
|
| 610 |
1 |
|
|a Кузнецкий Алатау
|
| 610 |
1 |
|
|a самородное золото
|
| 610 |
1 |
|
|a контактовые месторождения
|
| 610 |
1 |
|
|a серный колчедан
|
| 610 |
1 |
|
|a авгиты
|
| 610 |
1 |
|
|a пробы
|
| 610 |
1 |
|
|a золотоносные россыпи
|
| 610 |
1 |
|
|a оттиски
|
| 610 |
1 |
|
|a владельческие знаки
|
| 610 |
1 |
|
|a коллекция В. А. Обручева
|
| 610 |
1 |
|
|a Коллекция кафедры общей геологии
|
| 610 |
1 |
|
|a дары библиотеке
|
| 675 |
|
|
|a 553.411
|v 4
|
| 700 |
|
1 |
|a Обручев
|b В. А.
|c российский геолог
|c профессор Томского технологического института
|c исследователь Сибири, Центральной и Средней Азии
|c географ
|f 1863-1956
|g Владимир Афанасьевич
|2 stltpush
|3 (RuTPU)RU\TPU\pers\996
|
| 801 |
|
1 |
|a RU
|b 63413507
|c 20181017
|
| 801 |
|
2 |
|a RU
|b 63413507
|c 20220303
|g RCR
|
| 942 |
|
|
|c BK
|